1324 1254 1604 1687 1827 1002 1079 1709 1034 1921 1699 1928 1712 1469 1267 1358 1076 1241 1429 1928 1729 1614 1842 1907 1962 1923 1182 1305 1551 1853 1665 1410 1823 1423 1579 1507 1280 1116 1443 1998 1851 1066 1771 1926 1146 1139 1989 1553 1199 1062 1326 1087 1690 1728 1227 1538 1646 1110 1976 1737 1814 1933 1424 1613 1461 1403 1244 1393 1695 1066 1847 1000 1207 1908 1146 1304 1520 1762 1722 1568 1050 1969 1461 1228 1483 1078 1899 1822 1188 1288 1373 1294 1829 1838 1432 1732 1376 1777 1063 BCNSPRNW ULIB Ver.6.0+V

เปลี่ยนเป็นภาษาไทย

Change to English
 แสดงรายละเอียดบรรณานุกรม
  กลับหน้าหลัก

Brief Record : Get Marc (ISO 2709) : E-mail record : QR code < ปิดหน้าต่าง
LEADER : 00000nam 2200000uu 4500
001    13399112647
003     ULIB
008    110830s2553||||th 000 0 tha d
020    9789746724814
060 04 QS4^bผ381ต
100 0  ผาสุก มหรรฆานุเคราะห์
245 00 ตำรากายวิภาคศาสตร์ทั่วไป =^bGeneral anatomy /^cเรียบเรียงโดย คณาจารย์ภาควิชากายวิภาคศาสตร์ คณะแพทยศาสตร์ มหาวิทยาลัยเชียงใหม่ ; บรรณาธิการ, ผาสุก มหรรฆานุเคราะห์
246 31 General anatomy
250    พิมพ์ครั้งที่ 1
260    เชียงใหม่ :^bภาควิชากายวิภาคศาสตร์ คณะแพทยศาสตร์ มหาวิทยาลัยเชียงใหม่,^c2553
300    [12], 501 หน้า :^bภาพประกอบ ;^c27 ซม.
650  4 กายวิภาคศาสตร์
650  4 สรีรวิทยา
710 2  มหาวิทยาลัยเชียงใหม่. ^bคณะแพทยศาสตร์.^bภาควิชากายวิภาคศาสตร์
710 2  คณาจารย์ภาควิชากายวิภาคศาสตร์ คณะแพทยศาสตร์ มหาวิทยาลัยเชียงใหม่
945    ^p290^l0^i030475
945    ^p290^l0^i030476
945    ^p290^l0^i030477
945    ^p290^l0^i033917
945    ^p290^l0^i033918
995    ทศพร
999 ^a ทศพร
รายการนี้ยังไม่มีแท็ก
คุณยังไม่ได้ล็อกอิน คุณสามารถมีกิจกรรมร่วมกับเว็บไซต์ได้ แต่ต้องล็อกอินก่อน ::
  ล็อกอิน

รายการสื่อสารสนเทศ

ลำดับที่ ประเภท เลขเรียก/บาร์โค้ด สถานที่ สถานะ
1. วิทยาศาสตร์การแพทย์ และสุขภาพ
หนังสือสำรอง
สถานะ=หนังสือสำรอง
QS4 ผ381ต ฉ.1 
  Barcode: 030475
ห้องสมุดวิทยาเขตสวรรค์ประชารักษ์
►ส่วนจัดเก็บหนังสือเก่า สปร
บนชั้น
  ขอยืม
2. วิทยาศาสตร์การแพทย์ และสุขภาพ
วิทยาศาสตร์การแพทย์ และสุขภาพ
QS4 ผ381ต ฉ.2 
  Barcode: 030476
ห้องสมุดวิทยาเขตสวรรค์ประชารักษ์
►ส่วนจัดเก็บหนังสือเก่า สปร
บนชั้น
  ขอยืม
3. วิทยาศาสตร์การแพทย์ และสุขภาพ
วิทยาศาสตร์การแพทย์ และสุขภาพ
QS4 ผ381ต ฉ.3 
  Barcode: 030477
ห้องสมุดวิทยาเขตสวรรค์ประชารักษ์
►ส่วนจัดเก็บหนังสือเก่า สปร
บนชั้น
  ขอยืม
4. วิทยาศาสตร์การแพทย์ และสุขภาพ
วิทยาศาสตร์การแพทย์ และสุขภาพ
QS4 ผ381ต ฉ.4 
  Barcode: 033917
ห้องสมุดวิทยาเขตสวรรค์ประชารักษ์
►ส่วนจัดเก็บหนังสือเก่า สปร
บนชั้น
  ขอยืม
5. วิทยาศาสตร์การแพทย์ และสุขภาพ
วิทยาศาสตร์การแพทย์ และสุขภาพ
QS4 ผ381ต ฉ.5 
  Barcode: 033918
ห้องสมุดวิทยาเขตสวรรค์ประชารักษ์
►ส่วนจัดเก็บหนังสือเก่า สปร
บนชั้น
  ขอยืม

รายการใกล้เคียง
    ผู้แต่ง [ผาสุก มหรรฆานุเคราะห์]

    หัวเรื่อง [กายวิภาคศาสตร์]
    หัวเรื่อง [สรีรวิทยา]

BibComment


ยังไม่เคยถูกคอมเมนท์

คอมเมนท์ทรัพยากรรายการนี้
  คอมเมนท์: ตำรากายวิภาคศาสตร..


 Copyright 2026. Bcnsprnw @Library